[Event "Krasnoyarsk Marchko Memorial"]
[Site "Krasnoyarsk"]
[Date "2008.12.28"]
[Round "9"]
[White "Lomako, Anna"]
[Black "Bryukhova, Ekaterina"]
[Result "1-0"]
[WhiteElo "2277"]
[BlackElo "2023"]
[PlyCount "83"]
[EventDate "2008.12.20"]
[EventType "tourn"]
[EventRounds "9"]
[EventCountry "RUS"]
[SourceTitle "EXT 2022"]
[Source "ChessBase"]
[SourceDate "2021.10.06"]
[SourceVersion "1"]
[SourceVersionDate "2021.10.06"]
[SourceQuality "1"]

1. e4 d5 2. exd5 Qxd5 3. Nf3 Nf6 4. d4 Bg4 5. Be2 e6 6. 0-0 a6 7. c4 Qd8 8. Nc3 Be7 9. Be3 0-0 10. Ne5 Bxe2 11. Qxe2 Nbd7 12. f4 c5 13. Nxd7 Nxd7 14. d5 exd5 15. Nxd5 Bd6 16. Rad1 Nf6 17. f5 Nxd5 18. Rxd5 Qc7 19. f6 g6 20. h4 Rfe8 21. Qf3 Rad8 22. h5 Bf8 23. hxg6 hxg6 24. Rfd1 Rxd5 25. Rxd5 Qc8 26. Bf4 b5 27. b3 bxc4 28. bxc4 Re6 29. Qd3 Qc6 30. Rd8 Re8 31. Qd7 Re1+ 32. Kf2 Qe4 33. Qd2 Re2+ 34. Qxe2 Qxf4+ 35. Qf3 Qh4+ 36. Kf1 Qxc4+ 37. Kg1 Qc1+ 38. Kf2 Qc2+ 39. Kg3 Qa4 40. Qd5 Qa3+ 41. Kh2 c4 42. Rd7 1-0